MARC details
| 000 -CABECERA |
| campo de control de longitud fija |
01333nam a2200241 a 4500 |
| 001 - NÚMERO DE CONTROL |
| campo de control |
000012909 |
| 005 - FECHA Y HORA DE LA ÚLTIMA TRANSACCIÓN |
| campo de control |
20200929163111.0 |
| 008 - DATOS DE LONGITUD FIJA--INFORMACIÓN GENERAL |
| campo de control de longitud fija |
091118s1992 dr 000 0 spa d |
| 040 ## - FUENTE DE LA CATALOGACIÓN |
| Centro catalogador/agencia de origen |
DO-SdBNP |
| Lengua de catalogación |
spa |
| Centro/agencia transcriptor |
BNPHU |
| 082 ## - NÚMERO DE LA CLASIFICACIÓN DECIMAL DEWEY |
| Número de clasificación |
282.8 |
| Número de documento/Ítem |
C748n |
| 111 2# - ENTRADA PRINCIPAL--NOMBRE DE CONGRESO/REUNIÓN |
| Nombre de congreso/reunión o jurisdicción como elemento de entrada |
Conferencia general del Episcopado Latinoamericano |
| Número del congreso/reunión o número de parte o sección |
4ª : |
| Fecha del congreso/reunión |
1992 oct. 12-28 : |
| Sede del congreso/Lugar de la reunión |
Santo Domingo) |
| 9 (RLIN) |
29793 |
| 245 10 - MENCIÓN DE TÍTULO |
| Título |
Nueva evangelización, promoción humana, cultural cristiana. |
| 260 ## - PUBLICACIÓN, DISTRIBUCIÓN, ETC. |
| Lugar de publicación, distribución, etc. |
Santo Domingo : |
| Nombre del editor, distribuidor, etc. |
MSC, |
| Fecha de publicación, distribución, etc. |
1992. |
| 300 ## - DESCRIPCIÓN FÍSICA |
| Extensión |
209 p. ; |
| Dimensiones |
22 cm. |
| 500 ## - NOTA GENERAL |
| Nota general |
Incluye índice temático |
| 505 0# - NOTA DE CONTENIDO CON FORMATO |
| Título |
Carta del Santo Padre a los Obispos diocesanos de América Latina -- |
| -- |
Discurso inaugural del Santo Padre -- |
| -- |
Presentación -- |
| -- |
Mensaje de la IV Conferencia del Episcopado Latinoamericano -- |
| -- |
Jesucristo, evangelio del Padre -- |
| -- |
Jesucristo evangelizador viviente en su iglesia -- |
| -- |
La promoción humana -- |
| -- |
La cultura cristiana -- |
| -- |
Jesucristo, vida y esperanza de América Latina y el Caribe. |
| 590 ## - NOTA LOCAL (RLIN) |
| Nota local |
Inventariado, 2018/ YL |
| 650 #4 - PUNTO DE ACCESO ADICIONAL DE MATERIA--TÉRMINO DE MATERIA |
| Término de materia o nombre geográfico como elemento de entrada |
Evangelización |
| Subdivisión geográfica |
América Latina |
| Subdivisión general |
Congresos, conferencias, etc. |
| 9 (RLIN) |
29794 |
| 650 #4 - PUNTO DE ACCESO ADICIONAL DE MATERIA--TÉRMINO DE MATERIA |
| Término de materia o nombre geográfico como elemento de entrada |
Cristianismo y cultura |
| Subdivisión general |
Congresos, conferencias, etc. |
| 9 (RLIN) |
29795 |
| 650 #4 - PUNTO DE ACCESO ADICIONAL DE MATERIA--TÉRMINO DE MATERIA |
| Término de materia o nombre geográfico como elemento de entrada |
Iglesia católica |
| Subdivisión geográfica |
América Latina |
| 9 (RLIN) |
29796 |
| 710 2# - PUNTO DE ACCESO ADICIONAL--NOMBRE DE ENTIDAD CORPORATIVA |
| Nombre de entidad corporativa o nombre de jurisdicción como elemento de entrada |
Iglesia Católica. |
| Unidad subordinada |
Consejo Episcopal Latinoamericano. |
| 9 (RLIN) |
29797 |
| 910 ## - DATOS DE OPCIÓN DEL USUARIO (OCLC) |
| Datos de opción del usuario |
Validado. Control de calidad EMS |